[Event "TUN-chT"]
[Site "Hammamet"]
[Date "2019.03.16"]
[Round "9.3"]
[White "Kaabi, Mejdi"]
[Black "Ferchichi, Sofiane"]
[Result "1-0"]
[WhiteElo "2274"]
[BlackElo "2051"]
[PlyCount "53"]
[EventDate "2019.02.09"]
[EventType "team-tourn"]
[EventRounds "11"]
[EventCountry "TUN"]
[SourceTitle "CBM 190 Extra"]
[Source "ChessBase"]
[SourceDate "2019.07.15"]
[SourceVersion "1"]
[SourceVersionDate "2019.07.15"]
[SourceQuality "1"]
[WhiteTeam "Omran"]
[BlackTeam "Megrine Maison"]
[WhiteTeamCountry "TUN"]
[BlackTeamCountry "TUN"]

1. d4 d5 2. Nf3 Nf6 3. c4 c6 4. Qc2 e6 5. g3 Be7 6. Bg2 0-0 7. 0-0 Nbd7 8. Bf4 Ne4 9. Nc3 f5 10. a3 Ndf6 11. Ne5 Nd7 12. cxd5 exd5 13. b4 Nxe5 14. Bxe5 Nxc3 15. Qxc3 a5 16. b5 Bd7 17. Rac1 Kh8 18. Rfd1 Qe8 19. bxc6 Bxc6 20. e3 Qd7 21. h4 h6 22. Bf1 Rfc8 23. Qb2 Qd8 24. Bd3 Qd7 25. Rc3 a4 26. Qe2 Ra5 27. Qh5 1-0